[Event "Villa Martelli ITT Raul Moiraghi"]
[Site "Villa Martelli"]
[Date "2008.08.03"]
[Round "7"]
[White "Barrionuevo, Pablo"]
[Black "Paglilla, Carlos"]
[Result "1/2-1/2"]
[WhiteElo "2363"]
[BlackElo "2343"]
[PlyCount "79"]
[EventDate "2008.07.29"]
[EventType "tourn"]
[EventRounds "11"]
[EventCountry "ARG"]
[EventCategory "4"]
[SourceTitle "CBM 125 Extra"]
[Source "ChessBase"]
[SourceDate "2008.09.01"]
[SourceVersion "1"]
[SourceVersionDate "2008.09.01"]
[SourceQuality "1"]

1. d4 Nf6 2. Bg5 e6 3. e4 h6 4. Bxf6 Qxf6 5. c3 e5 6. Nf3 exd4 7. cxd4 Bb4+ 8. Nc3 0-0 9. Bd3 d6 10. 0-0 Bxc3 11. bxc3 Bg4 12. Be2 Nd7 13. Nd2 Bxe2 14. Qxe2 c5 15. Qb5 Nb6 16. Nf3 Qe7 17. Rfe1 Rab8 18. Rad1 Rfd8 19. e5 cxd4 20. Rxd4 dxe5 21. Rxe5 Qf6 22. h3 a6 23. Qe2 Rxd4 24. cxd4 Qc6 25. Rc5 Qd6 26. Qe4 Nd7 27. Rc2 Nf6 28. Qf5 Rd8 29. Rc8 b5 30. Qc2 Rxc8 31. Qxc8+ Kh7 32. Qb7 Qe6 33. a3 Nd5 34. Ne5 f6 35. Nd7 Qe1+ 36. Kh2 Qe4 37. Nf8+ Kg8 38. Qc8 Qf4+ 39. Kg1 Ne7 40. Qe8 1/2-1/2

[Event "Villa Martelli ITT Raul Moiraghi"]
[Site "Villa Martelli"]
[Date "2008.08.02"]
[Round "5"]
[White "Granara Barreto, Sebastian A"]
[Black "Paglilla, Carlos"]
[Result "1/2-1/2"]
[WhiteElo "2257"]
[BlackElo "2343"]
[PlyCount "52"]
[EventDate "2008.07.29"]
[EventType "tourn"]
[EventRounds "11"]
[EventCountry "ARG"]
[EventCategory "4"]
[SourceTitle "CBM 125 Extra"]
[Source "ChessBase"]
[SourceDate "2008.09.01"]
[SourceVersion "1"]
[SourceVersionDate "2008.09.01"]
[SourceQuality "1"]

1. e4 c5 2. c3 Nf6 3. e5 Nd5 4. d4 cxd4 5. Nf3 Nc6 6. Bc4 Nb6 7. Bb3 d5 8. exd6 Qxd6 9. 0-0 Bf5 10. Na3 a6 11. Nxd4 Nxd4 12. cxd4 e6 13. Qf3 Nd5 14. Nc4 Qd8 15. Ne3 Nxe3 16. Bxe3 Bd6 17. Ba4+ b5 18. Qc6+ Ke7 19. Bb3 Re8 20. d5 Qc7 21. Qxc7+ Bxc7 22. Rfe1 Bd6 23. dxe6 Bxe6 24. Bxe6 fxe6 25. Bg5+ Kf8 26. Rad1 Be7 1/2-1/2

[Event "Villa Martelli ITT Raul Moiraghi"]
[Site "Villa Martelli"]
[Date "2008.08.01"]
[Round "4"]
[White "Paglilla, Carlos"]
[Black "Iermito, Sebastian"]
[Result "1/2-1/2"]
[WhiteElo "2343"]
[BlackElo "2385"]
[PlyCount "56"]
[EventDate "2008.07.29"]
[EventType "tourn"]
[EventRounds "11"]
[EventCountry "ARG"]
[EventCategory "4"]
[SourceTitle "CBM 125 Extra"]
[Source "ChessBase"]
[SourceDate "2008.09.01"]
[SourceVersion "1"]
[SourceVersionDate "2008.09.01"]
[SourceQuality "1"]

1. e4 c5 2. Nc3 Nc6 3. g3 g6 4. Bg2 Bg7 5. d3 Rb8 6. f4 d6 7. Nf3 Bg4 8. h3 Bxf3 9. Bxf3 e6 10. 0-0 Nge7 11. a4 0-0 12. Ne2 a6 13. c3 b5 14. axb5 axb5 15. Be3 b4 16. g4 Qb6 17. Bg2 Rfe8 18. Qd2 bxc3 19. bxc3 Qb2 20. Ra2 Qxd2 21. Bxd2 d5 22. e5 g5 23. f5 exf5 24. gxf5 Bxe5 25. Bxg5 f6 26. Be3 d4 27. cxd4 cxd4 28. Bf4 Rbd8 1/2-1/2

[Event "Villa Martelli ITT Raul Moiraghi"]
[Site "Villa Martelli"]
[Date "2008.07.30"]
[Round "2"]
[White "Paglilla, Carlos"]
[Black "Perez Ponsa, Federico"]
[Result "1/2-1/2"]
[WhiteElo "2343"]
[BlackElo "2326"]
[PlyCount "70"]
[EventDate "2008.07.29"]
[EventType "tourn"]
[EventRounds "11"]
[EventCountry "ARG"]
[EventCategory "4"]
[SourceTitle "CBM 125 Extra"]
[Source "ChessBase"]
[SourceDate "2008.09.01"]
[SourceVersion "1"]
[SourceVersionDate "2008.09.01"]
[SourceQuality "1"]

1. e4 c5 2. Nc3 Nc6 3. g3 g6 4. Bg2 Bg7 5. d3 d6 6. f4 e6 7. Nf3 Nge7 8. 0-0 0-0 9. Be3 Nd4 10. Qd2 d5 11. Bf2 Nxf3+ 12. Bxf3 d4 13. Ne2 e5 14. Bg2 Be6 15. c4 Rb8 16. fxe5 Nc6 17. Nf4 Nxe5 18. h3 a6 19. g4 b5 20. b3 bxc4 21. bxc4 Qb6 22. Bg3 Qb2 23. Qd1 Qa3 24. Nxe6 fxe6 25. Rxf8+ Rxf8 26. Bxe5 Bxe5 27. Qe2 Bf4 28. Kh1 Rb8 29. Rf1 g5 30. e5 Qa5 31. h4 Qc7 32. hxg5 Bxg5 33. Be4 Qg7 34. Qh2 a5 35. a4 h6 1/2-1/2

[Event "Villa Martelli 54th Aniv ITT 1st"]
[Site "Villa Martelli"]
[Date "2008.07.15"]
[Round "10"]
[White "Filgueira, Hernan"]
[Black "Paglilla, Carlos"]
[Result "1-0"]
[WhiteElo "2330"]
[BlackElo "2343"]
[PlyCount "61"]
[EventDate "2008.07.08"]
[EventType "tourn"]
[EventRounds "11"]
[EventCountry "ARG"]
[EventCategory "3"]
[SourceTitle "CBM 125 Extra"]
[Source "ChessBase"]
[SourceDate "2008.09.01"]
[SourceVersion "1"]
[SourceVersionDate "2008.09.01"]
[SourceQuality "1"]

1. d4 Nf6 2. c4 c5 3. d5 g6 4. Nc3 Bg7 5. e4 d6 6. h3 0-0 7. Bd3 e6 8. Nf3 exd5 9. cxd5 a6 10. a4 Re8 11. 0-0 Nfd7 12. Bf4 Ne5 13. Nxe5 Bxe5 14. Bxe5 Rxe5 15. f4 Re8 16. Qd2 Nd7 17. Rae1 f6 18. e5 dxe5 19. f5 g5 20. h4 gxh4 21. d6 Kh8 22. Nd5 Rg8 23. Rf3 b6 24. Ne7 Bb7 25. Be4 Bxe4 26. Rxe4 Rg7 27. Ng6+ hxg6 28. Rxh4+ Rh7 29. Rxh7+ Kxh7 30. Rh3+ Kg8 31. Qh6 1-0

[Event "Villa Martelli 54th Aniv ITT 1st"]
[Site "Villa Martelli"]
[Date "2008.07.13"]
[Round "8"]
[White "Paglilla, Carlos"]
[Black "Aguilar, Andres"]
[Result "1/2-1/2"]
[WhiteElo "2343"]
[BlackElo "2252"]
[PlyCount "22"]
[EventDate "2008.07.08"]
[EventType "tourn"]
[EventRounds "11"]
[EventCountry "ARG"]
[EventCategory "3"]
[SourceTitle "CBM 125 Extra"]
[Source "ChessBase"]
[SourceDate "2008.09.01"]
[SourceVersion "1"]
[SourceVersionDate "2008.09.01"]
[SourceQuality "1"]

1. e4 e5 2. Nf3 Nc6 3. Nc3 Nf6 4. Bb5 Nd4 5. Ba4 Bc5 6. d3 Nxf3+ 7. Qxf3 c6 8. 0-0 d6 9. Bb3 h6 10. Kh1 Qe7 11. Be3 Be6 1/2-1/2

[Event "Villa Martelli 54th Aniv ITT 1st"]
[Site "Villa Martelli"]
[Date "2008.07.12"]
[Round "6"]
[White "Paglilla, Carlos"]
[Black "Rodriguez Vila, Andres"]
[Result "1-0"]
[WhiteElo "2343"]
[BlackElo "2531"]
[PlyCount "105"]
[EventDate "2008.07.08"]
[EventType "tourn"]
[EventRounds "11"]
[EventCountry "ARG"]
[EventCategory "3"]
[SourceTitle "CBM 125 Extra"]
[Source "ChessBase"]
[SourceDate "2008.09.01"]
[SourceVersion "1"]
[SourceVersionDate "2008.09.01"]
[SourceQuality "1"]

1. e4 d6 2. d4 g6 3. c4 Nd7 4. Nc3 e5 5. Nf3 Bg7 6. Bg5 Ne7 7. Qd2 h6 8. Be3 g5 9. h4 g4 10. Nh2 h5 11. Be2 Nc6 12. dxe5 Ndxe5 13. Nf1 Ng6 14. Bg5 f6 15. Be3 Be6 16. Ng3 Qd7 17. 0-0-0 Nce5 18. c5 dxc5 19. Qc2 Qf7 20. Bxc5 Nf4 21. Bf1 Bh6 22. Kb1 b6 23. Be3 Nfg6 24. Bxh6 Rxh6 25. Nf5 Rh7 26. Nd5 Kf8 27. Ba6 Kg8 28. f4 gxf3 29. gxf3 Kh8 30. f4 Bxd5 31. exd5 Nxf4 32. d6 Ne6 33. Bb7 Rd8 34. Bd5 c6 35. Bxc6 Nc5 36. Bd5 Qg6 37. Rhg1 Ng4 38. Bc6 Nd7 39. Bxd7 Rhxd7 40. Rde1 Rxd6 41. Nxd6 Qxc2+ 42. Kxc2 Rxd6 43. Re7 f5 44. Rd1 Rc6+ 45. Kb3 Nf6 46. Rd8+ Ng8 47. Rxa7 Rg6 48. Rf8 Rg3+ 49. Kc4 f4 50. Rxf4 Rg4 51. Rxg4 hxg4 52. Kd4 Nf6 53. Ke3 1-0

[Event "Villa Martelli Jorge Laplaza"]
[Site "Villa Martelli"]
[Date "2007.11.08"]
[Round "4"]
[White "Rodriguez Vila, Andres"]
[Black "Paglilla, Carlos"]
[Result "1-0"]
[WhiteElo "2547"]
[BlackElo "2367"]
[PlyCount "61"]
[EventDate "2007.11.07"]
[EventType "tourn"]
[EventRounds "9"]
[EventCountry "ARG"]
[EventCategory "3"]
[SourceTitle "EXT 2008"]
[Source "ChessBase"]
[SourceDate "2007.11.25"]
[SourceVersion "1"]
[SourceVersionDate "2007.11.25"]
[SourceQuality "1"]

1. f4 d5 2. g3 g6 3. Bg2 Bg7 4. Nf3 Nf6 5. 0-0 0-0 6. d3 c5 7. Qe1 d4 8. c4 a5 9. h3 Ne8 10. g4 Nd6 11. Na3 Nc6 12. Qg3 f5 13. g5 Qe8 14. h4 Bd7 15. Ne5 Nxe5 16. fxe5 Nf7 17. Bf4 Bc6 18. e6 Nd8 19. Bd5 Bxd5 20. cxd5 b5 21. Kg2 Nb7 22. Rh1 Rd8 23. Qf3 h5 24. gxh6 Bf6 25. Rag1 Kh8 26. Rh2 Nd6 27. Kh1 Rg8 28. b3 Ra8 29. h5 a4 30. Bxd6 exd6 31. Nxb5 1-0

[Event "Villa Martelli Jorge Laplaza"]
[Site "Villa Martelli"]
[Date "2007.11.06"]
[Round "2"]
[White "Fernandez, Daniel"]
[Black "Paglilla, Carlos"]
[Result "1/2-1/2"]
[WhiteElo "2447"]
[BlackElo "2367"]
[PlyCount "74"]
[EventDate "2007.11.07"]
[EventType "tourn"]
[EventRounds "9"]
[EventCountry "ARG"]
[EventCategory "3"]
[SourceTitle "EXT 2008"]
[Source "ChessBase"]
[SourceDate "2007.11.25"]
[SourceVersion "1"]
[SourceVersionDate "2007.11.25"]
[SourceQuality "1"]

1. Nf3 Nc6 2. c4 e5 3. Nc3 Nf6 4. g3 d5 5. cxd5 Nxd5 6. d3 Be7 7. Bg2 Be6 8. 0-0 0-0 9. Bd2 f5 10. Rc1 Qd7 11. a3 Nb6 12. b4 Bf6 13. Bg5 Nd5 14. Bxf6 Nxc3 15. Rxc3 gxf6 16. Nd2 Bd5 17. Bxd5+ Qxd5 18. Qb3 Rad8 19. Rc5 Qf7 20. Qxf7+ Rxf7 21. Nb3 Nd4 22. Nxd4 Rxd4 23. Rfc1 c6 24. R1c4 Rfd7 25. f4 Rxc4 26. dxc4 Re7 27. Kf2 Kf7 28. b5 cxb5 29. cxb5 Ke6 30. Rc8 Kd5 31. e3 Kd6 32. Kf3 e4+ 33. Ke2 Rc7 34. Rf8 Ke6 35. Ra8 b6 36. a4 Kd5 37. Rf8 Ke6 1/2-1/2

[Event "Villa Martelli ITT 2nd"]
[Site "Villa Martelli"]
[Date "2007.09.28"]
[Round "8"]
[White "Moskow, Eric"]
[Black "Paglilla, Carlos"]
[Result "1/2-1/2"]
[WhiteElo "2254"]
[BlackElo "2367"]
[PlyCount "136"]
[EventDate "2007.09.22"]
[EventType "tourn"]
[EventRounds "9"]
[EventCountry "ARG"]
[EventCategory "2"]
[SourceTitle "CBM 120 Extra"]
[Source "ChessBase"]
[SourceDate "2007.11.01"]
[SourceVersion "1"]
[SourceVersionDate "2007.11.01"]
[SourceQuality "1"]

1. d4 Nf6 2. c4 c5 3. Nf3 g6 4. g3 Bg7 5. Bg2 0-0 6. 0-0 cxd4 7. Nxd4 Nc6 8. Nc3 d6 9. Nc2 Qa5 10. Bd2 Qh5 11. e4 Qxd1 12. Rfxd1 Ne5 13. Ne3 Be6 14. b3 Rac8 15. Rab1 a6 16. h3 Bd7 17. Ned5 Nxd5 18. Nxd5 Rfe8 19. Bg5 Kf8 20. Nb6 Rcd8 21. Nxd7+ Nxd7 22. Be3 Nc5 23. f4 Rc8 24. Rd5 b6 25. Rbd1 Rc7 26. h4 Rb8 27. e5 b5 28. cxb5 axb5 29. exd6 exd6 30. Rxd6 Ne6 31. Be4 Ke7 32. Ra6 b4 33. Rd5 Rbc8 34. f5 Nc5 35. Bxc5+ Rxc5 36. Ra7+ R5c7 37. Rxc7+ Rxc7 38. fxg6 hxg6 39. Kg2 Rd7 40. Rxd7+ Kxd7 41. Bd5 Ke7 42. Kf3 Bb2 43. g4 Kf6 44. Ke4 Bc3 45. Bc4 Bb2 46. Kd5 Ba3 47. Kd6 Bb2 48. Kd7 Kg7 49. Bd3 Bf6 50. h5 gxh5 51. gxh5 Bb2 52. Kd6 Ba3 53. Ke5 Bb2+ 54. Kf5 Ba3 55. Be4 Bb2 56. Bd5 Ba3 57. Bf3 Bb2 58. Bg4 Ba3 59. Ke5 Bb2+ 60. Kd6 Ba3 61. Bf3 f6 62. Kd5 Kh6 63. Ke6 Kg7 64. Kf5 Bb2 65. Bd5 Ba3 66. Be6 Bb2 67. a4 bxa3 68. b4 Kh6 1/2-1/2

[Event "Villa Martelli ITT 2nd"]
[Site "Villa Martelli"]
[Date "2007.09.24"]
[Round "4"]
[White "Paglilla, Carlos"]
[Black "Della Morte, Pablo"]
[Result "1-0"]
[WhiteElo "2367"]
[BlackElo "2283"]
[PlyCount "119"]
[EventDate "2007.09.22"]
[EventType "tourn"]
[EventRounds "9"]
[EventCountry "ARG"]
[EventCategory "2"]
[SourceTitle "CBM 120 Extra"]
[Source "ChessBase"]
[SourceDate "2007.11.01"]
[SourceVersion "1"]
[SourceVersionDate "2007.11.01"]
[SourceQuality "1"]

1. e4 c5 2. Nc3 Nc6 3. g3 g6 4. Bg2 Bg7 5. d3 Rb8 6. f4 b5 7. Nf3 b4 8. Ne2 d6 9. 0-0 e6 10. g4 Nge7 11. f5 exf5 12. gxf5 gxf5 13. Ng3 f4 14. Nh5 Be5 15. Bxf4 Bxb2 16. Rb1 Bg4 17. Rxb2 Bxh5 18. Qe1 Qd7 19. Qh4 Ng6 20. Qf6 Nxf4 21. Qxh8+ Ke7 22. Qg7 Bg6 23. c4 bxc3 24. Rxb8 Nxb8 25. Ne5 dxe5 26. Qxe5+ Ne6 27. Qxb8 Qxd3 28. Qxa7+ Kf8 29. Qb8+ Kg7 30. Qe5+ Kh6 31. Qg3 Qd4+ 32. Kh1 c2 33. Qe1 Kg7 34. a4 Qxa4 35. Qc3+ Qd4 36. Qxc2 Qb4 37. Rc1 Qd4 38. Rd1 Qe3 39. Qb2+ Nd4 40. Qb8 Nc6 41. Qe8 Qe2 42. Rf1 Qb5 43. e5 Nd4 44. Qxb5 Nxb5 45. Rc1 Nd4 46. Rxc5 Ne6 47. Rc4 Kf8 48. Be4 Ke7 49. Bxg6 hxg6 50. Kg2 f6 51. exf6+ Kxf6 52. Kf3 Kf5 53. Kg3 Kg5 54. Rg4+ Kh5 55. Re4 Ng7 56. Ra4 Nf5+ 57. Kf4 Kh4 58. Ra7 Kh5 59. Rh7+ Nh6 60. h4 1-0

[Event "Villa Martelli ITT 2nd"]
[Site "Villa Martelli"]
[Date "2007.09.22"]
[Round "1"]
[White "Goldwaser, Christian"]
[Black "Paglilla, Carlos"]
[Result "1-0"]
[WhiteElo "2352"]
[BlackElo "2367"]
[PlyCount "63"]
[EventDate "2007.09.22"]
[EventType "tourn"]
[EventRounds "9"]
[EventCountry "ARG"]
[EventCategory "2"]
[SourceTitle "CBM 120 Extra"]
[Source "ChessBase"]
[SourceDate "2007.11.01"]
[SourceVersion "1"]
[SourceVersionDate "2007.11.01"]
[SourceQuality "1"]

1. Nf3 g6 2. c4 Bg7 3. Nc3 d6 4. d4 e5 5. Bg5 f6 6. Bh4 Ne7 7. e4 Nd7 8. Be2 0-0 9. 0-0 g5 10. Bg3 Ng6 11. Rc1 Nf4 12. Bxf4 exf4 13. b4 f5 14. c5 g4 15. Ne1 Nf6 16. e5 dxe5 17. dxe5 Qxd1 18. Bxd1 Ne4 19. Bb3+ Kh8 20. Nd3 Nd2 21. Rfe1 Nxb3 22. axb3 Be6 23. Nb5 Bxb3 24. Nxc7 Rac8 25. Nb5 Bh6 26. Nd6 Rc7 27. e6 Re7 28. Nf7+ Kg7 29. Nxh6 Kxh6 30. Nxf4 Rfe8 31. Rc3 Kg5 32. h4+ 1-0

[Event "Villa Martelli ITT"]
[Site "Villa Martelli"]
[Date "2007.07.24"]
[Round "2"]
[White "Oliveira, Silvio Eduardo"]
[Black "Paglilla, Carlos"]
[Result "1-0"]
[WhiteElo "2261"]
[BlackElo "2367"]
[PlyCount "91"]
[EventDate "2007.07.23"]
[EventType "tourn"]
[EventRounds "9"]
[EventCountry "ARG"]
[EventCategory "2"]
[SourceTitle "CBM 119 Extra"]
[Source "ChessBase"]
[SourceDate "2007.09.04"]
[SourceVersion "1"]
[SourceVersionDate "2007.09.04"]
[SourceQuality "1"]

1. e4 Nf6 2. e5 Nd5 3. d4 d6 4. Nf3 Nc6 5. c4 Nb6 6. e6 fxe6 7. Nc3 e5 8. d5 Nd4 9. Nxd4 exd4 10. Qxd4 e5 11. dxe6 Bxe6 12. Be3 Qf6 13. Qxf6 gxf6 14. b3 d5 15. c5 Nd7 16. Nb5 Kf7 17. Rc1 c6 18. Nc7 Rd8 19. Nxe6 Kxe6 20. Be2 Rg8 21. 0-0 Ne5 22. Bd4 Bh6 23. f4 Nd7 24. Rce1 Kf7 25. Bh5+ Kf8 26. Re6 Kg7 27. Re7+ Kh8 28. b4 Rg7 29. Re6 Rgg8 30. g3 Bg7 31. Rfe1 f5 32. Bxg7+ Rxg7 33. Rd6 Rf8 34. Ree6 a6 35. Kf2 Kg8 36. a4 Ra8 37. h3 Kf8 38. a5 Re7 39. g4 Rxe6 40. Rxe6 Rd8 41. gxf5 d4 42. f6 Rc8 43. f7 Kg7 44. Re8 Rc7 45. Rg8+ Kh6 46. Bg4 1-0

[Event "Villa Martelli ITT"]
[Site "Villa Martelli"]
[Date "2006.07.30"]
[Round "7"]
[White "Goldwaser, Christian"]
[Black "Paglilla, Carlos"]
[Result "1/2-1/2"]
[WhiteElo "2359"]
[BlackElo "2371"]
[PlyCount "44"]
[EventDate "2006.07.24"]
[EventType "tourn"]
[EventRounds "11"]
[EventCountry "ARG"]
[EventCategory "2"]
[SourceTitle "CBM 113 Extra"]
[Source "ChessBase"]
[SourceDate "2006.09.14"]
[SourceVersion "1"]
[SourceVersionDate "2006.09.14"]
[SourceQuality "1"]

1. d4 Nf6 2. Nf3 g6 3. c4 c5 4. Nc3 Bg7 5. g3 0-0 6. Bg2 cxd4 7. Nxd4 Nc6 8. Nc2 d6 9. 0-0 Be6 10. b3 Qd7 11. Bb2 Bh3 12. Ne3 Bxg2 13. Kxg2 Ne4 14. Ned5 Nxc3 15. Bxc3 Bxc3 16. Nxc3 a5 17. Qd2 Nb4 18. Rad1 Rfd8 19. e4 Rac8 20. Rfe1 b6 21. Re2 Qb7 22. Kg1 Nc6 1/2-1/2

[Event "Villa Martelli ITT"]
[Site "Villa Martelli"]
[Date "2006.07.28"]
[Round "5"]
[White "Fusco, Leonardo"]
[Black "Paglilla, Carlos"]
[Result "1/2-1/2"]
[WhiteElo "2249"]
[BlackElo "2371"]
[PlyCount "89"]
[EventDate "2006.07.24"]
[EventType "tourn"]
[EventRounds "11"]
[EventCountry "ARG"]
[EventCategory "2"]
[SourceTitle "CBM 113 Extra"]
[Source "ChessBase"]
[SourceDate "2006.09.14"]
[SourceVersion "1"]
[SourceVersionDate "2006.09.14"]
[SourceQuality "1"]

1. e4 c5 2. Nf3 Nc6 3. d4 cxd4 4. Nxd4 d5 5. Nxc6 bxc6 6. exd5 Qxd5 7. Nc3 Qxd1+ 8. Nxd1 Bf5 9. Ne3 Bg6 10. Bd2 e6 11. 0-0-0 Bc5 12. f3 Ne7 13. Nc4 0-0 14. Ne5 Rad8 15. Bc4 Rd6 16. Rhe1 Nd5 17. Ba5 Bb6 18. Bb4 c5 19. Bd2 Rfd8 20. Bg5 Nf6 21. Be3 Nd5 22. Bf2 Nb4 23. c3 Nc6 24. Nxg6 Rxd1+ 25. Rxd1 Rxd1+ 26. Kxd1 hxg6 27. Bb5 Ne7 28. a4 Nf5 29. b4 cxb4 30. Bxb6 axb6 31. cxb4 Nd6 32. Bd7 Nb7 33. Bc6 Nd6 34. Kc2 Kf8 35. Kc3 Ke7 36. a5 bxa5 37. bxa5 Nc8 38. Kb4 Kd6 39. Be8 Ke7 40. Ba4 Kd6 41. Kb5 g5 42. Ka6 Kc7 43. Kb5 Nd6+ 44. Kc5 Nb7+ 45. Kb5 1/2-1/2

[Event "Villa Martelli ITT"]
[Site "Villa Martelli"]
[Date "2006.07.26"]
[Round "3"]
[White "Zuriel, Marisa"]
[Black "Paglilla, Carlos"]
[Result "1/2-1/2"]
[WhiteElo "2186"]
[BlackElo "2371"]
[PlyCount "45"]
[EventDate "2006.07.24"]
[EventType "tourn"]
[EventRounds "11"]
[EventCountry "ARG"]
[EventCategory "2"]
[SourceTitle "CBM 113 Extra"]
[Source "ChessBase"]
[SourceDate "2006.09.14"]
[SourceVersion "1"]
[SourceVersionDate "2006.09.14"]
[SourceQuality "1"]

1. e4 e5 2. Nf3 Nc6 3. d4 exd4 4. Nxd4 Bc5 5. Be3 Bxd4 6. Bxd4 Nxd4 7. Qxd4 Qf6 8. e5 Qb6 9. Qxb6 axb6 10. Nc3 f6 11. Nd5 Kd8 12. exf6 Nxf6 13. Nxf6 gxf6 14. Bc4 c6 15. 0-0-0 b5 16. Bb3 d5 17. f3 Re8 18. Rhe1 Bf5 19. Rxe8+ Kxe8 20. Re1+ Kd7 21. c3 h5 22. g3 Kd6 23. a3 1/2-1/2

[Event "Villa Martelli Ann-B 50th"]
[Site "Villa Martelli"]
[Date "2005.08.24"]
[Round "7"]
[White "Paglilla, Carlos"]
[Black "Fusco, Leonardo"]
[Result "1-0"]
[WhiteElo "2386"]
[BlackElo "2278"]
[PlyCount "63"]
[EventDate "2005.08.17"]
[EventType "tourn"]
[EventRounds "9"]
[EventCountry "ARG"]
[EventCategory "13"]
[SourceTitle "EXT 2024"]
[Source "ChessBase"]
[SourceDate "2023.10.10"]
[SourceVersion "1"]
[SourceVersionDate "2023.10.10"]
[SourceQuality "1"]

1. Nf3 Nf6 2. g3 g6 3. Bg2 Bg7 4. 0-0 0-0 5. c4 d6 6. d4 Nc6 7. b3 a6 8. Bb2 Rb8 9. Nbd2 b5 10. Rc1 Na5 11. Bc3 c5 12. dxc5 dxc5 13. cxb5 axb5 14. Be5 Rb6 15. Rxc5 Ne8 16. Qc1 Bb7 17. Bxg7 Nxg7 18. a4 Ne6 19. Rxb5 Rxb5 20. axb5 Qd5 21. b4 Nd4 22. Qd1 Nab3 23. Nxb3 Nxb3 24. Nh4 Qxd1 25. Rxd1 Bxg2 26. Kxg2 Rb8 27. Nf3 Rxb5 28. Rb1 Rxb4 29. Nd2 Nxd2 30. Rxb4 f5 31. f3 e5 32. e4 1-0

[Event "Vicente Lopez ITT"]
[Site "Vicente Lopez"]
[Date "2005.07.16"]
[Round "3"]
[White "Zuriel, Marisa"]
[Black "Paglilla, Carlos"]
[Result "1/2-1/2"]
[WhiteElo "2207"]
[BlackElo "2386"]
[PlyCount "73"]
[EventDate "2005.07.14"]
[EventType "tourn"]
[EventRounds "11"]
[EventCountry "ARG"]
[EventCategory "2"]
[SourceTitle "CBM 107 Extra"]
[Source "ChessBase"]
[SourceDate "2005.09.01"]
[SourceVersion "1"]
[SourceVersionDate "2005.09.01"]
[SourceQuality "1"]

1. e4 Nf6 2. e5 Nd5 3. d4 d6 4. c4 Nb6 5. exd6 exd6 6. Nc3 g6 7. Nf3 Bg7 8. Bg5 f6 9. Be3 Nc6 10. Be2 0-0 11. 0-0 Kh8 12. h3 f5 13. Bg5 Bf6 14. Bxf6+ Qxf6 15. Qd2 Bd7 16. c5 Nc8 17. Nd5 Qg7 18. Nxc7 Rb8 19. d5 Nd8 20. cxd6 Qf6 21. Qd4 Qxd4 22. Nxd4 Nxd6 23. Rac1 Rf7 24. Rfe1 Rc8 25. Bf3 f4 26. h4 Kg8 27. Kh2 Kh8 28. Nce6 Rxc1 29. Rxc1 Bxe6 30. dxe6 Re7 31. Bd5 Kg7 32. Kh3 Kf6 33. Re1 Nf5 34. Nxf5 Kxf5 35. h5 g5 36. Be4+ Kf6 37. Bd5 1/2-1/2

[Event "Villa Martelli Pro Am op 11th"]
[Site "Villa Martelli"]
[Date "2004.11.11"]
[Round "6"]
[White "Hungaski, Robert Andrew"]
[Black "Paglilla, Carlos"]
[Result "1/2-1/2"]
[WhiteElo "2253"]
[BlackElo "2390"]
[PlyCount "38"]
[EventDate "2004.11.04"]
[EventType "swiss"]
[EventRounds "9"]
[EventCountry "ARG"]
[SourceTitle "CBM 103 Extra"]
[Source "ChessBase"]
[SourceDate "2005.01.01"]
[SourceVersion "1"]
[SourceVersionDate "2005.01.01"]
[SourceQuality "1"]

1. e4 Nf6 2. e5 Nd5 3. d4 d6 4. Nf3 Nc6 5. c4 Nb6 6. e6 fxe6 7. Nc3 e5 8. d5 Nd4 9. Nxd4 exd4 10. Qxd4 e5 11. dxe6 Bxe6 12. Be2 Qf6 13. Qxf6 gxf6 14. b3 d5 15. cxd5 Bb4 16. Bd2 Nxd5 17. Bh5+ Kf8 18. Nxd5 Bxd2+ 19. Kxd2 Bxd5 1/2-1/2

[Event "Villa Martelli Pro Am op 11th"]
[Site "Villa Martelli"]
[Date "2004.11.07"]
[Round "3"]
[White "Paglilla, Carlos"]
[Black "Albarran, Gustavo Eduardo"]
[Result "1/2-1/2"]
[WhiteElo "2390"]
[BlackElo "2236"]
[PlyCount "46"]
[EventDate "2004.11.04"]
[EventType "swiss"]
[EventRounds "9"]
[EventCountry "ARG"]
[SourceTitle "CBM 103 Extra"]
[Source "ChessBase"]
[SourceDate "2005.01.01"]
[SourceVersion "1"]
[SourceVersionDate "2005.01.01"]
[SourceQuality "1"]

1. e4 c5 2. Nc3 Nc6 3. g3 g6 4. Bg2 Bg7 5. d3 Rb8 6. f4 d6 7. Nf3 b5 8. 0-0 e6 9. Nh4 b4 10. Ne2 Nd4 11. f5 exf5 12. exf5 Nxf5 13. Bc6+ Kf8 14. Bd5 Nge7 15. Bb3 d5 16. Nf3 Qb6 17. Kh1 Bb7 18. Bf4 Rd8 19. g4 c4 20. gxf5 cxb3 21. Ng3 bxc2 22. Qxc2 Rc8 23. Qd2 d4 1/2-1/2

[Event "Villa Martelli Pro Am op 11th"]
[Site "Villa Martelli"]
[Date "2004.11.07"]
[Round "3"]
[White "Paglilla, Carlos"]
[Black "Leguizamon, Arnaldo"]
[Result "1-0"]
[WhiteElo "2390"]
[BlackElo "1929"]
[PlyCount "101"]
[EventDate "2004.11.04"]
[EventType "swiss"]
[EventRounds "9"]
[EventCountry "ARG"]
[SourceTitle "CBM 103 Extra"]
[Source "ChessBase"]
[SourceDate "2005.01.01"]
[SourceVersion "1"]
[SourceVersionDate "2005.01.01"]
[SourceQuality "1"]

1. e4 c5 2. Nf3 d6 3. d4 cxd4 4. Nxd4 Nf6 5. Nc3 g6 6. f4 Bg7 7. Nf3 0-0 8. Bd3 Nc6 9. 0-0 Be6 10. Qe1 Qa5 11. Kh1 Qh5 12. Ne2 Qc5 13. c3 a5 14. Ned4 Bc4 15. Bxc4 Qxc4 16. b3 Qd3 17. Nxc6 bxc6 18. e5 Ne4 19. Bb2 d5 20. Nd4 c5 21. Rd1 Qa6 22. Nf3 e6 23. c4 Qc6 24. cxd5 exd5 25. Nd2 Nxd2 26. Qxd2 d4 27. Rc1 Qb5 28. Ba3 Rfc8 29. h3 a4 30. b4 cxb4 31. Bxb4 d3 32. a3 h5 33. Rcd1 Rd8 34. Bd6 Bf8 35. Qxd3 Qxd3 36. Rxd3 Bxd6 37. exd6 Ra6 38. Rfd1 f5 39. Kg1 Kf7 40. Kf2 Ke6 41. Kg3 Raxd6 42. Rxd6+ Rxd6 43. Rxd6+ Kxd6 44. Kh4 Ke6 45. Kg5 Kf7 46. Kh6 Kf6 47. h4 Kf7 48. Kh7 Kf6 49. Kg8 Ke6 50. Kg7 Kd5 51. Kxg6 1-0